Get the Picture: Flag Guts Quiz Stats

 Plays Quiz Updated Apr 2, 2019

Score 0/15 Timer 03:00
0 Plays Today
Question Answer Wrong Answers
United Kingdom Burst
94.7%
Star
0.1%
Solids
0.4%
China Star
94.3%
Burst
0.4%
Solids
0.6%
Australia Burst
92.6%
Star
0.8%
Solids
1.3%
New Zealand Burst
92.6%
Star
1%
Solids
1.2%
Vietnam Star
88%
Burst
0.8%
Solids
6.4%
Bolivia Solids
79.3%
Burst
1.4%
Star
14.1%
Zimbabwe Solids
75.6%
Burst
6.6%
Star
12.8%
Ghana Solids
73.6%
Burst
2.9%
Star
18.1%
Fiji Burst
69.2%
Star
9.1%
Solids
16.7%
Guinea-Bissau Solids
67%
Burst
9.6%
Star
18.6%
São Tomé and Príncipe Solids
57%
Burst
15.4%
Star
22.7%
Tuvalu Burst
52.3%
Star
16.5%
Solids
26.4%
Angola Star
50.5%
Burst
4.1%
Solids
40.6%
Burkina Faso Star
40.8%
Burst
3.9%
Solids
50.5%
Cameroon Star
32.4%
Burst
2.9%
Solids
60%

Today's Daily Dose

Missing Word
Sherlocks

Word Ladder
King of the Hill

Quick Pick
Songs in Pink

Get the Picture
NBA Teammates

You're not logged in!

Compare scores with friends on all Sporcle quizzes.
OR
Log In

Sporcle TV

Today on Sporcle TV


Watch our educational content, quiz creation guides, and fun videos on Sporcle TV.

Show Comments

Extras

Top Quizzes Today


Score Distribution

Your Account Isn't Verified!

In order to create a playlist on Sporcle, you need to verify the email address you used during registration. Go to your Sporcle Settings to finish the process.

Report this User

Report this user for behavior that violates our Community Guidelines.

Details: